Statistics for Marsha Mason Filmography

Click here to take the quiz!

General Stats

  • This quiz has been taken 6 times
    (4 since last reset)
  • The average score is 8 of 91

Answer Stats

TypeYearName% Correct
Film1977Audrey Rose
67%
Film1973Blume in Love
67%
Film1979Chapter Two
67%
Film1973Cinderella Liberty
67%
TV Show1997-1998Frasier
67%
Film1981Only When I Laugh
67%
Film1977The Goodbye Girl
67%
Web Series2016-2022Grace and Frankie
33%
TV Mini-Series2001Life with Judy Garland: Me and My Shadows
33%
Film1983Max Dugan Returns
33%
Film1979Promises in the Dark
33%
Theater2005Steel Magnolias
33%
TV Film1985Surviving: A Family in Crisis
33%
Film1978The Cheap Detective
33%
Theater1973-1974The Good Doctor
33%
TV Film1978The Good Doctor
33%
Film19962 Days in the Valley
0%
Short Film2013Across Grace Alley
0%
Theater2007A Feminine Ending
0%
Theater2010, 2012All's Well That Ends Well
0%
Theater1995Amazing Grace
0%
Theater2015Arms and the Man
0%
TV Show2008Army Wives
0%
Podcast2021, 2022Around the Sun
0%
Film2004Bereft
0%
Film1968Beyond the Law
0%
Film2004Bride and Prejudice
0%
TV Film1995Broken Trust
0%
Theater1968-1969Cactus Flower
0%
Theater2010California Suite
0%
Commercial1960sCampbell's Soup Drinkables
0%
Theater1974Cyrano de Bergerac
0%
TV Show1969Dark Shadows
0%
Theater2014Deathtrap
0%
TV Show1976Dinah!
0%
TV Film1989Dinner at Eight
0%
Film1991Drop Dead Fred
0%
Theater2018Fire and Air
0%
TV Show1974, 1978Great Performances
0%
Theater1970-1971Happy Birthday, Wanda June
0%
Film1986Heartbreak Ridge
0%
Theater2005-2006Hecuba
0%
TV Show1988Hothouse
0%
Film1966Hot Rod Hullabaloo
0%
Film1994I Love Trouble
0%
Theater2009Impressionism
0%
Theater2010I Never Sang for My Father
0%
Documentary Series1998Intimate Portrait
0%
Theater1990Lake No Bottom
0%
TV Show2008Lipstick Jungle
0%
Theater2019Little Gem
0%
TV Film1982Lois Gibbs and the Love Canal
0%
Theater1989Love Letters
0%
TV Show1971-1972Love of Life
0%
TV Show2015, 2016Madam Secretary
0%
Theater1981Mary Stuart
0%
Film1995Nick of Time
0%
TV Show2006Nightmares & Dreamscapes: From the Stories of Stephen King
0%
Theater1983-1984Old Times
0%
TV Show1993One Life to Live
0%
TV Documentary1993Power of Water
0%
Theater1972Private Lives
0%
TV Film1999Restless Spirits
0%
Theater1974Richard III
0%
TV Show1992Seinfeld
0%
TV Show1991-1992Sibs
0%
Film1990Stella
0%
Theater1988The Big Love
0%
Theater2011The Circle
0%
Theater1967The Deer Park
0%
TV Show2002The Education of Max Bickford
0%
TV Show2016The Good Wife
0%
Theater2011The Government Inspector
0%
TV Film1990The Image
0%
Theater1968The Indian Wants the Bronx / It's Called the Sugar Plum
0%
TV Film2004The Long Shot
0%
TV Show2010-2017The Middle
0%
TV Show1979The Mike Douglas Show
0%
Theater2012The Miser
0%
Theater1996The Night of the Iguana
0%
Podcast2020The Pack Podcast
0%
Theater1999The Prisoner of Second Avenue
0%
Theater2013The Tale of the Allergist's Wife
0%
Theater1999The Vagina Monologues
0%
TV Film1986Trapped in Silence
0%
Theater2002Under the Blue Sky
0%
Documentary1995Visions of a New World
0%
Theater2017Watch on the Rhine
0%
TV Show1971Where the Heart Is
0%
Theater2003, 2004Wintertime
0%
TV Show1972Young Dr. Kildare
0%

Score Distribution

Percentile by Number Answered

Percent of People with Each Score

Your Score History

You have not taken this quiz since the last reset